Torty snov

Bibliographic Details
Other Authors: Michalková, Katarína (Publishing director)
Format: Journal
Language:Slovak
Published: Martin Ing. Darina Ftáčková - Katarínka 2013-2015
ISSN:1339-2735
Subjects:
Online Access:http://www.tortysnov.sk/casopis

MARC

LEADER 00000cas a2200000 a 4500
001 vtls010563150
003 SK-MaSNL
005 20260228161143.0
008 131205d20132015xo qr|p 001 a0slo
022 |a 1339-2735  |y 1335-3446 
040 |a SVKPO  |b slo  |c SVKPO  |d SNK  |e AACR2 
041 0 |a slo 
044 |a xo  |c SK 
072 7 |a 641  |x Kuchárstvo. Potraviny. Varené jedlá  |2 konspekt 
072 7 |a 664  |x Potravinársky priemysel  |2 konspekt 
080 |a 641.853  |2 2001 
080 |a 641.85  |2 2011 
080 |a 664.684  |2 2011 
080 |a 641.526.2  |2 2011 
080 |a (051)-048.55  |2 2011 
080 |a 050  |2 2011 
210 0 |a Torty snov 
222 0 |a Torty snov 
245 0 0 |a Torty snov 
246 3 3 |a Torty snov. Katarínka 
260 |a Martin  |b Ing. Darina Ftáčková - Katarínka  |c 2013-2015 
310 |a 3x ročne  |b 2015 
321 |a 4x ročne  |b 2013-2014 
362 0 |a Č. 1 (2013)-č. 4 (2013) ; roč. 2, č. 1 (2014)-roč. 3, č. 3 (2015) 
500 |a V tiráži uvedené chybné ISSN, patrí časopisu Katarínka = ISSN 1335-3446 
500 |a Evidenčné č.: EV 4788/13 
500 |a Šéfredaktorka: [2013]-2015, Katarína Michalková 
650 0 7 |a torty  |2 SNKPH  |9 668 
650 0 7 |a koláče  |2 SNKPH  |9 51333 
650 0 7 |a pečenie (príprava jedál)  |2 SNKPH  |9 55369 
655 7 |a špecializované časopisy  |2 SNKPH  |9 70509 
700 1 |a Michalková, Katarína  |4 pbd  |9 268094 
772 0 |t Katarínka  |x 1335-3446 
856 4 1 |u http://www.tortysnov.sk/casopis 
910 |a snk 
999 |c 4498  |d 6428 
952 |0 0  |1 0  |4 0  |7 0  |8 0  |a SNK  |b SNK  |d 2019-09-03  |i snk2019/21837  |l 0  |o snkČSB 7253/2/2014  |p 17A1382744  |r 2026-02-21 22:29:16  |t č. 1-4, neúplné  |w 2026-02-21  |y PREZ  |z Chýba č. 2-4 
952 |0 0  |1 0  |4 0  |7 0  |8 0  |a SNK  |b SNK  |d 2019-09-03  |i snk2019/21838  |l 0  |o snkČSB 7253/3/2015  |p 17A1382745  |r 2026-02-21 22:29:16  |t č. 1-3, neúplné  |w 2026-02-21  |y PREZ  |z Chýba č. 1 
952 |0 0  |1 0  |4 0  |7 0  |8 0  |a SNK  |b SNK  |d 2019-09-03  |i snk2019/21839  |l 0  |o snkČSB 7253/2/2014 D1  |p 17A1382746  |r 2026-02-21 22:29:16  |t č. 1-4, neúplné  |w 2026-02-21  |y PREZ  |z Chýba č. 2-4 
952 |0 0  |1 0  |4 0  |7 0  |8 0  |a SNK  |b SNK  |d 2019-09-03  |i snk2019/21840  |l 0  |o snkČSB 7253/3/2015 D1  |p 17A1382747  |r 2026-02-21 22:29:16  |t č. 1-3, neúplné  |w 2026-02-21  |y PREZ  |z Chýba č. 1